Metódy a spôsoby transferu výsledkov vedy a výskumu do praxe
Inovácie a ich úloha v ekonomike štátu. Metódy transferu výsledkov vedy a výskumu do hospodárskej praxe. metóda spin-off. Typy spin-off organizácií.
Enregistré dans:
| Auteur principal: | |
|---|---|
| Autres auteurs: | |
| Format: | Chapitre de livre |
| Langue: | slovaque |
| Sujets: | |
| Tags: |
Pas de tags, Soyez le premier à ajouter un tag!
|
MARC
| LEADER | 00000naa$a2200000$$$4500 | ||
|---|---|---|---|
| 001 | 0078300 | ||
| 005 | 20231114072740.0 | ||
| 041 | 0 | |a slo | |
| 044 | |a SK | ||
| 245 | 1 | 0 | |a Metódy a spôsoby transferu výsledkov vedy a výskumu do praxe |c Štefan Hronec, Jana Štrangfeldová |
| 520 | |a Inovácie a ich úloha v ekonomike štátu. Metódy transferu výsledkov vedy a výskumu do hospodárskej praxe. metóda spin-off. Typy spin-off organizácií. | ||
| 610 | 2 | 0 | |a veda |
| 610 | 2 | 0 | |a výskum |
| 610 | 2 | 0 | |a metódy |
| 610 | 2 | 0 | |a inovácia |
| 100 | 1 | |a Hronec, Štefan | |
| 700 | 1 | |a Štrangfeldová, Jana | |